| 000 | 00372nam a2200133Ia 4500 | ||
|---|---|---|---|
| 008 | 231017s9999 xx 000 0 und d | ||
| 082 | _a625.8 | ||
| 082 | _bGIL | ||
| 245 | 0 | _aAccuracy in mechanistic pavement design consequent upon unbound material testing | |
| 245 | 0 | _cUniversity of Nottingham | |
| 260 | _bUniversity of Nottingham | ||
| 300 | _c30cm | ||
| 942 | _cREP | ||
| 999 |
_c606321 _d606321 |
||